Science Quiz

Random Science or Letter Quiz

'D' Natural World Quiz Stats

Quiz Updated Jun 13, 2016

Also try: 'B' Natural World
Challenge
Share
Tweet
Embed
Score 0/21 Timer 05:00
12 Plays Today
Hint Answer % Correct
Which bird of the pigeon family is associated with devotion, purity and peace?Dove
93.3%
Which flightless bird native to Mauritius became extinct in the 1660s?Dodo
90.9%
What name is given to a female antelope, deer or rabbit?Doe
90.3%
Which type of beetle feeds partly or exclusively on feces?Dung beetle
90%
What name is given to a sandy-colored wild dog found in Australia?Dingo
87.9%
Which flower commonly has a yellow center and white petals?Daisy
85.5%
Which large white dog has short hair with dark spots?Dalmatian
85.2%
Which dog of German origin is also known as a 'sausage dog'?Dachshund
83.1%
Which ruminant mammal of the family Cervidae includes the elk, chital and moose?Deer
82.1%
'Terrible Lizard' is a term used to describe which large extinct reptiles?Dinosaurs
81.5%
Which large, intelligent, alert and loyal companion dog is known as a '........' Pinscher'? Doberman
81.1%
Hint Answer % Correct
Which insect can fly forwards, backwards and hover, and is usually found around marshes, ponds and wetlands?Dragonfly
80%
Which small sweet fruit has been a staple food of the Middle East and Indus Valley for centuries?Date
74.3%
What name is given to male bee, especially a honeybee?Drone
73.6%
Which small toothed whale is well-known for its sociable nature and high intelligence?Dolphin
72.2%
What common name is given to the spring-flowering plant Narcissus?Daffodil
63%
What name is given to a male duck?Drake
62.4%
Which flower of the family Asteraceae has an English name taken from the French for 'lion's tooth'?Dandelion
60%
What name is given to a camel with one hump?Dromedary
59.7%
Which long-hibernating agile rodent with a hairy or bushy tail is found mostly in Europe?Dormouse
24.8%
Which small sand-colored bottom-dwelling shark with a long tail is common on European coasts? Dogfish
20.9%

You're not logged in!

Compare scores with friends on all Sporcle quizzes.
Join for Free
OR
Log In

You Might Also Like...

Show Comments

Extras

Top Quizzes Today


Score Distribution

Your Account Isn't Verified!

In order to create a playlist on Sporcle, you need to verify the email address you used during registration. Go to your Sporcle Settings to finish the process.

Report this User

Report this user for behavior that violates our Community Guidelines.

Details: